000 00514nam a2200193 a 4500
001 BRCA_1828
005 20190320203551.0
008 210508s----1974mx-a---###---#000-0#spa-#
050 4 _aNE400
_b.G73 1974
245 1 0 _aGrabados.
260 _aMéxico
_bSerfin
_c1974
300 _a20 láminas sueltas
_bil.
_c38 cm.
500 _aEjemplar no. 245
500 _aColección Sonia Corcuera de Mancera
650 1 4 _aGrabado
_xHistoria
_91591
650 1 4 _aGrabadores
_zMéxico
_95684
902 _aDSC
942 _2lcc
_cB
999 _c1609
_d1609